
Library Catalogue

| 000 -LEADER | |
|---|---|
| fixed length control field | 00579nam a2200157Ia 4500 |
| 008 - FIXED-LENGTH DATA ELEMENTS--GENERAL INFORMATION | |
| fixed length control field | 160316s2005 xxu||||| |||| 00| 0 eng d |
| 082 ## - DEWEY DECIMAL CLASSIFICATION NUMBER | |
| Classification number | 342.087800 |
| Item number | JAI |
| 100 ## - MAIN ENTRY--PERSONAL NAME | |
| Personal name | Jaising Indira |
| 245 ## - TITLE STATEMENT | |
| Title | Men's laws, women's lives : A constitutional perspective on religion, common law and culture in South Asia |
| 250 ## - EDITION STATEMENT | |
| Edition statement | |
| 260 ## - PUBLICATION, DISTRIBUTION, ETC. | |
| Place of publication, distribution, etc. | New Delhi |
| Name of publisher, distributor, etc. | Women Unlimited |
| Date of publication, distribution, etc. | 2005 |
| 300 ## - PHYSICAL DESCRIPTION | |
| Extent | 392p |
| Other physical details | |
| Dimensions | |
| 365 ## - TRADE PRICE | |
| Price amount | Rs.500 |
| 650 ## - SUBJECT ADDED ENTRY--TOPICAL TERM | |
| Topical term or geographic name entry element | 1. Women Studies - Eqaulity Aspects <br/>2. Gender Studies - Men - Women - Inequality Aspect - South Asia<br/>3. Gender Eqaulity - South Asia |
| 700 ## - ADDED ENTRY--PERSONAL NAME | |
| Personal name | |
| -- | |
| Withdrawn status | Lost status | Damaged status | Not for loan | Home library | Current library | Shelving location | Date acquired | Total Checkouts | Full call number | Barcode | Date last seen | Date last checked out | Price effective from | Koha item type |
|---|---|---|---|---|---|---|---|---|---|---|---|---|---|---|
| NLS | NLS | 30/05/2017 | 2 | 342.0878 JAI | 20998 | 11/09/2023 | 04/09/2023 | 30/05/2017 | BOOKs |